Othello the moor of venice (Record no. 154612)

MARC details
000 -LEADER
fixed length control field 00363nam a2200145Ia 4500
008 - FIXED-LENGTH DATA ELEMENTS--GENERAL INFORMATION
fixed length control field 230917s9999||||xx |||||||||||||| ||und||
040 ## - CATALOGING SOURCE
-- 149619
Original cataloging agency VIVEKANANDA LIBRARY
041 ## - Language
-- English
082 ## - DDC NUMBER
Classification number 822.33 S15O
100 ## - MAIN ENTRY--PERSONAL NAME
Personal name Shakespears, William
245 #0 - TITLE STATEMENT
Title Othello the moor of venice
260 ## - PUBLICATION, DISTRIBUTION, ETC. (IMPRINT)
Place of publication, distribution, etc Banbalore
Name of publisher, distributor, etc Orient longman
Date of publication, distribution, etc 2002
300 ## - PHYSICAL DESCRIPTION
Pages 135p. p.
942 ## - ADDED ENTRY ELEMENTS (KOHA)
Koha item type Books
Holdings
Withdrawn status Lost status Damaged status Not for loan Location (home branch) Sublocation or collection (holding branch) Date acquired Koha issues (times borrowed) Koha full call number Accession No. Koha date last seen Koha item type
        VIVEKANANDA LIBRARY VIVEKANANDA LIBRARY 30/03/2010   822.33 S15O 281069 17/09/2023 Books
        VIVEKANANDA LIBRARY VIVEKANANDA LIBRARY 30/03/2010   822.33 S15O 316507 17/09/2023 Books
© Designed and Maintained by Vivekananda Library, MDU Rohtak